Evolution of global crustal uplift and depression : (Record no. 51690)
[ view plain ]
| 000 -LEADER | |
|---|---|
| fixed length control field | 00683nam a2200241Ia 4500 |
| 005 - DATE AND TIME OF LATEST TRANSACTION | |
| control field | 20260429111954.0 |
| 008 - FIXED-LENGTH DATA ELEMENTS--GENERAL INFORMATION | |
| fixed length control field | 260429s9999||||xx |||||||||||||| ||und|| |
| 020 ## - INTERNATIONAL STANDARD BOOK NUMBER | |
| International Standard Book Number | 9789811286063 |
| 041 ## - LANGUAGE CODE | |
| Language | English |
| 082 ## - DEWEY DECIMAL CLASSIFICATION NUMBER | |
| Classification number | 551.8 |
| Item number | KAN |
| 100 ## - MAIN ENTRY--PERSONAL NAME | |
| Personal name | Kang, Yuzhu |
| 245 #0 - TITLE STATEMENT | |
| Title | Evolution of global crustal uplift and depression : |
| Remainder of title | changes of sea and land / |
| Statement of responsibility, etc | Yuzhu Kang |
| 260 ## - PUBLICATION, DISTRIBUTION, ETC. (IMPRINT) | |
| Place of publication, distribution, etc | Singapore : |
| Name of publisher, distributor, etc | World Scientific Publishing, |
| Date of publication, distribution, etc | 2024. |
| 300 ## - PHYSICAL DESCRIPTION | |
| Extent | xi, 215 p.; hb |
| 650 ## - SUBJECT ADDED ENTRY--TOPICAL TERM | |
| Topical term or geographic name as entry element | Earth crust |
| 650 ## - SUBJECT ADDED ENTRY--TOPICAL TERM | |
| Topical term or geographic name as entry element | Geology |
| 650 ## - SUBJECT ADDED ENTRY--TOPICAL TERM | |
| Topical term or geographic name as entry element | Structural geology |
| 650 ## - SUBJECT ADDED ENTRY--TOPICAL TERM | |
| Topical term or geographic name as entry element | Earth science |
| 700 ## - ADDED ENTRY--PERSONAL NAME | |
| Personal name | Kang, Zhihong |
| 700 ## - ADDED ENTRY--PERSONAL NAME | |
| Personal name | Kang, Zhijiang |
| 700 ## - ADDED ENTRY--PERSONAL NAME | |
| Personal name | Wang, Jiwei |
| 942 ## - ADDED ENTRY ELEMENTS (KOHA) | |
| Koha item type | Text Books |
| Withdrawn status | Lost status | Damaged status | Not for loan | Collection code | Home library | Location | Shelving location | Date of Cataloging | Source of acquisition | Total Checkouts | Full call number | Barcode | Date last seen | Price effective from | Koha item type |
|---|---|---|---|---|---|---|---|---|---|---|---|---|---|---|---|
| Non-fiction | CUTN Central Library | CUTN Central Library | Sciences | 29/04/2026 | Feel Books, Chennai - Invoice No. BRL/CRB/25-26/568 on 13-02-2026 | 551.8 KAN | 56718 | 29/04/2026 | 29/04/2026 | Text Books |
